Facundo Quiroga /

Guardado en:
Autor Corporativo: Canal Encuentro.
Formato: Deslizar
Publicado: Argentina, 2009.
Series:Caudillos - Capítulo 7
Materias:
Etiquetas: Agregar Etiqueta
Sin Etiquetas, Sea el primero en etiquetar este registro!
LEADER 01090ngm a22003015g 4500
001 CEM.cems023072
008 130507s2009##################0###0#####d
005 20241209181539.0
245 0 0 |a Facundo Quiroga /  |c Canal Encuentro. 
260 |a Argentina,  |c 2009. 
300 |a 47'. 
490 0 |a Caudillos - Capítulo 7 
500 |a Consultar en ventanilla. 
505 0 |a Vida de Juan Facundo Quiroga. Su formación militar y participación en las luchas independentistas. El caudillo. La Tablada y Oncativo. La victoria federal. La confederación. Barranca Yaco. Valoración histórica. 
538 |a Soporte: DVD - Color: Si - Grabación DRD 2012 
590 |a Identificación SIABUC: DVD Nº 57 
110 2 |a Canal Encuentro. 
082 9 8 |/ CAU 
653 |a QUIROGA 
653 |a HISTORIA 
653 |a HISTORIA ARGENTINA 
653 |a CAUDILLOS 
653 |a QUIROGA, FACUNDO 
653 |a UNITARIOS Y FEDERALES 
653 |a GUERRAS CIVILES 
653 |a NIVEL PRIMARIO 
653 |a NIVEL SECUNDARIO 
859 |a CEMS  |b BIB. CEMS - Depto. Recursos Didacticos  |h 982  |i CAU  |k DRD  |p 1715.12  |t Ej.1